000 00536nam a2200181Ia 4500
001 17274
005 20260306170413.0
008 260306t2020||||xx |||||||||||||| ||und||
041 _aESP
082 _a657.61
_bG16C
100 _aGálvez Kaneko, Luis E.,
_eAUT
245 0 _aComponentes del costo de los inventarios(NIC 2)/ Reconocimiento de propiedad, planta y equipo :
_btratamiento contable (NIC 16) y tributario
260 _c2020
300 _a64 páginas :
_c
650 _aGEN
654 _aCCO
942 _cLIB
_dJUS
_fJUS
_2ddc
_n
999 _c17274
_d17274